000 00632nam a2200241Ia 4500
003 OSt
005 20221005070111.0
006 a|||||r|||| 00| 0
007 ta
008 221004b |||||||| |||| 00| 0 eng d
020 _a818404013X (hbk)
024 _a121761
037 _bGift, 06/10/2012,
_cTextual
040 _aCRL
_cCRL
_beng
041 _2eng
_aeng
082 _aD416, P6
100 _aRaina V K
_9605313
245 0 _aWorld of bridges
260 _aMumbai
_bShroff Pub
_c2006
650 _aENGINEERING
942 _hD416, P6
_cTEXL
_2cc
999 _c975683
_d975683